| 000 | 00409nam a2200181Ia 4500 | ||
|---|---|---|---|
| 003 | 0STCL | ||
| 008 | 150530s9999 xx 000 0 und d | ||
| 040 |
_aSTCL _cSTCL |
||
| 100 | _aRobin Sharma | ||
| 245 | _aFamily Wisdom | ||
| 250 | _a28 | ||
| 260 |
_bJaico publishing house; Mumbai _c2010 _aMumbai |
||
| 300 | _a0 | ||
| 546 | _aEnglish | ||
| 942 |
_2ddc _cBK |
||
| 999 |
_c50337 _d50337 |
||
| 005 | 20220125170822.0 | ||